Southville International School and Colleges
Your cart is empty.
  • Cart
  • Lists
    Public lists Eva Luna New books Lux_list list_1
    Your lists Log in to create your own lists
  • Log in to your account
  • Your cookies
  • Search history
Southville International School and Colleges
  • Advanced search
  • Recent comments
  • Most popular
  • Libraries

Log in to your account

Log in with GOOGLE


If you do not have an external account, but do have a local account, you can still log in:

  1. Home
  2. MARC view: Mcgraw-Hill education beginning Spanish grammar :
Normal view MARC view ISBD view

Mcgraw-Hill education beginning Spanish grammar : (Record no. 292836)

[ view plain ]
MARC details
000 -LEADER
fixed length control field 00978cam a22002775i 4500
001 - CONTROL NUMBER
control field 18142542
003 - CONTROL NUMBER IDENTIFIER
control field PILC
005 - DATE AND TIME OF LATEST TRANSACTION
control field 20160322122304.0
008 - FIXED-LENGTH DATA ELEMENTS--GENERAL INFORMATION
fixed length control field 140506s2014 ilu 000 0 spa
010 ## - LIBRARY OF CONGRESS CONTROL NUMBER
LC control number 2014940122
020 ## - INTERNATIONAL STANDARD BOOK NUMBER
International Standard Book Number 0071840648
040 ## - CATALOGING SOURCE
Original cataloging agency DLC
Language of cataloging eng
Transcribing agency DLC
Description conventions rda
Modifying agency DLC
042 ## - AUTHENTICATION CODE
Authentication code pcc
050 ## - LIBRARY OF CONGRESS CALL NUMBER
Classification number PC 4112
Item number .Ar659 2015
100 1# - MAIN ENTRY--PERSONAL NAME
Personal name Aragones, Luis.
245 10 - TITLE STATEMENT
Title Mcgraw-Hill education beginning Spanish grammar :
Remainder of title a practical guide to 100+ essential skills /
Statement of responsibility, etc Luis Aragones.
260 ## - PUBLICATION, DISTRIBUTION, ETC. (IMPRINT)
Place of publication, distribution, etc New York :
Name of publisher, distributor, etc McGraw Hill,
Date of publication, distribution, etc 2015.
263 ## - PROJECTED PUBLICATION DATE
Projected publication date 1408
300 ## - PHYSICAL DESCRIPTION
Extent 256 pages :
Other physical details illustrations ;
Dimensions 28 cm.
500 ## - GENERAL NOTE
General note Includes index.
856 42 - ELECTRONIC LOCATION AND ACCESS
Materials specified Publisher description
Uniform Resource Identifier <a href="http://www.loc.gov/catdir/enhancements/fy1408/2014940122-d.html">http://www.loc.gov/catdir/enhancements/fy1408/2014940122-d.html</a>
856 42 - ELECTRONIC LOCATION AND ACCESS
Materials specified Contributor biographical information
Uniform Resource Identifier <a href="http://www.loc.gov/catdir/enhancements/fy1408/2014940122-b.html">http://www.loc.gov/catdir/enhancements/fy1408/2014940122-b.html</a>
906 ## - LOCAL DATA ELEMENT F, LDF (RLIN)
a 0
b ibc
c orignew
d 2
e epcn
f 20
g y-gencatlg
942 ## - ADDED ENTRY ELEMENTS (KOHA)
Source of classification or shelving scheme Library of Congress Classification
Koha item type Books
Holdings
Withdrawn status Lost status Source of classification or shelving scheme Damaged status Home library Current library Shelving location Date acquired Source of acquisition Cost, normal purchase price Sub Shelving location Total Checkouts Full call number Barcode Date last seen Date checked out Price effective from Koha item type
    Library of Congress Classification   College Library College Library Reserve Section 03/22/2016 Library Fund 1700.00   1 PC 4112 .Ar659 2015 C20504 11/29/2022 11/18/2022 03/22/2016 Books

Mcgraw-Hill education beginning Spanish grammar :

APA

Aragones L., . (2015). Mcgraw-Hill education beginning Spanish grammar. New York: McGraw Hill.

Chicago

Aragones Luis, . 2015. Mcgraw-Hill education beginning Spanish grammar. New York: McGraw Hill.

Harvard

Aragones L., . (2015). Mcgraw-Hill education beginning Spanish grammar. New York: McGraw Hill.

MLA

Aragones Luis, . Mcgraw-Hill education beginning Spanish grammar. New York: McGraw Hill. 2015.

  • Place hold
  • Print
  • Cite
  • Add to your cart (remove)
  • Save record
    BIBTEX Dublin Core MARCXML MARC (non-Unicode/MARC-8) MARC (Unicode/UTF-8) MARC (Unicode/UTF-8, Standard) MODS (XML) RIS
  • More searches
    Search for this title in:
    Other Libraries (WorldCat) Other Databases (Google Scholar) Online Stores (Bookfinder.com) Open Library (openlibrary.org)

Exporting to Dublin Core...

SOUTHVILLE LIBRARY

Southville International School and Colleges Library

1281 Tropical Ave. Cor. Luxembourg St., BF Homes International, Las Pinas City

Tel. No. 8256374 / 252358 Loc. 117/146

Powered by Koha